Nová podniková kultura

Definícia podnikovej kultúry. Všeobecné poznatky. Novodobé koncepcie podnikovej kultúry založené na nových etických prístupoch k podnikaniu.

Salvato in:
Dettagli Bibliografici
Autore principale: Kuba, V.
Natura: Capitolo di libro
Lingua:ceco
Soggetti:
Tags: Aggiungi Tag
Nessun Tag, puoi essere il primo ad aggiungerne!!

MARC

LEADER 00000naa a2200000 4500
001 r022005
005 20230607095709.7
041 0 |a cze 
044 |a CZ 
245 1 0 |a Nová podniková kultura  |c V. Kuba 
520 |a Definícia podnikovej kultúry. Všeobecné poznatky. Novodobé koncepcie podnikovej kultúry založené na nových etických prístupoch k podnikaniu. 
610 2 0 |a kultúra podniková 
610 2 0 |a marketing 
610 2 0 |a komunikácia 
610 2 0 |a etika 
100 1 |a Kuba, V.